| 000 | 00506cam a2200205ua 4500 | ||
|---|---|---|---|
| 001 | 8847 | ||
| 005 | 20260515114404.0 | ||
| 008 | 150216n ii |||gr||||Z||||||eng | ||
| 020 | _a019562534X | ||
| 040 | _cMAIN | ||
| 041 | _aeng | ||
| 082 | _a371.102 | ||
| 100 |
_aDas, M., _eEditor. |
||
| 245 | 1 |
_aTeaching english as communication _cEdited by M. Das |
|
| 250 | _a1st. | ||
| 260 |
_aDelhi: _bOxford, _c1989. |
||
| 300 | _a104p. | ||
| 653 | _aSchools & their activities special education | ||
| 942 | _cBK | ||
| 999 |
_c7935 _d7935 |
||